000 00276nam a22001097a 4500
082 _a621.381535 FRO'T
100 _aFROSTSMITH, E. H
_957583
245 _aTHE THEORY AND DESIGN OF MAGNETIC AMPLIFIERS
260 _aLONDON
_bCHAPMAN & HALL
_c1958
300 _a487P
942 _cBK
999 _c567853
_d567853